000 00693nam a22002172 4500
001 0000018533
005 20151217152129.0
008 100208s xx 000 0 eng d
020 _a0199570348 :
040 _aKABU
_cKABU
100 1 _aRowland, Tracey.
_@0000177839
245 1 0 _aRatzinger's faith :
_bthe theology of Pope Benedict XVI /
_cTracey Rowland.
250 _a1st ed.
260 _aOxford :
_bO. U. P.,
_c2009.
300 _axiii, 214 p.
600 1 0 _aBenedict XVI, Pope,
_d1927 -.
_@0000177840
610 2 0 _aCatholic Church
_xDoctrines
_xHistory.
_y20th Century.
_@0000168170
852 1 _9p1168 KSH
908 _a100208
950 _@1
999 _c8585
_d8585